[Event "Barrinha 2nd"]
[Site "Barrinha"]
[Date "2012.02.28"]
[Round "10"]
[White "Blit, Jacques"]
[Black "Brandao, Evandro Alves"]
[Result "1-0"]
[WhiteElo "2308"]
[BlackElo "2022"]
[PlyCount "43"]
[EventDate "2012.02.24"]
[EventType "tourn"]
[EventRounds "10"]
[EventCountry "BRA"]
[SourceTitle "EXT 2013"]
[Source "ChessBase"]
[SourceDate "2012.11.22"]
[SourceVersion "1"]
[SourceVersionDate "2012.11.22"]
[SourceQuality "1"]

1. e4 e5 2. Nf3 Nc6 3. d4 exd4 4. Bc4 Bc5 5. 0-0 Nf6 6. e5 d5 7. exf6 dxc4 8. Re1+ Be6 9. Ng5 Qxf6 10. Nxe6 fxe6 11. Qh5+ g6 12. Qxc5 0-0-0 13. Bg5 Qf8 14. Qxc4 Re8 15. Rxe6 Qf7 16. Rxe8+ Rxe8 17. Nd2 Qf5 18. Nf3 Ne5 19. Nxe5 Qxe5 20. Bh4 Qe1+ 21. Rxe1 Rxe1+ 22. Qf1 1-0

[Event "Ribeirao Preto op da Recra U2200"]
[Site "Ribeirao Preto"]
[Date "2011.07.03"]
[Round "5.5"]
[White "Brandao, Evandro Alves"]
[Black "Do Nascimento, Carlos Roberto"]
[Result "1/2-1/2"]
[WhiteElo "2039"]
[BlackElo "1716"]
[PlyCount "24"]
[EventDate "2011.07.02"]
[EventType "swiss"]
[EventRounds "5"]
[EventCountry "BRA"]
[SourceTitle "EXT 2022"]
[Source "ChessBase"]
[SourceDate "2021.10.06"]
[SourceVersion "1"]
[SourceVersionDate "2021.10.06"]
[SourceQuality "1"]

1. e4 d6 2. d4 Nf6 3. Nc3 g6 4. Nf3 Bg7 5. Bc4 0-0 6. 0-0 c6 7. Bb3 Nbd7 8. Bg5 Qc7 9. Qe2 h6 10. Bh4 Re8 11. Rfd1 e5 12. dxe5 dxe5 1/2-1/2

[Event "Ribeirao Preto Mogiano 1st"]
[Site "Ribeirao Preto"]
[Date "2010.08.08"]
[Round "9.3"]
[White "Brandao, Evandro Alves"]
[Black "Shiroma, Silvio Haruo"]
[Result "0-1"]
[WhiteElo "2030"]
[BlackElo "2132"]
[PlyCount "90"]
[EventDate "2010.07.30"]
[EventType "tourn"]
[EventRounds "9"]
[EventCountry "BRA"]
[SourceTitle "EXT 2022"]
[Source "ChessBase"]
[SourceDate "2021.10.06"]
[SourceVersion "1"]
[SourceVersionDate "2021.10.06"]
[SourceQuality "1"]

1. e4 e5 2. Bc4 Bc5 3. Nc3 Nf6 4. d3 d6 5. Bg5 h6 6. Bh4 Nc6 7. Qd2 Be6 8. Bxe6 fxe6 9. Na4 Bb4 10. c3 Ba5 11. b4 Bb6 12. Nxb6 axb6 13. Ne2 0-0 14. 0-0 Nxe4 15. Qxh6 Nxc3 16. Qxe6+ Rf7 17. Bxd8 Nxe2+ 18. Kh1 Rxd8 19. a3 Nf4 20. Qa2 Nxd3 21. f4 e4 22. Qd5 Re8 23. b5 Na5 24. Ra2 Kf8 25. Re2 Nc5 26. g4 Re6 27. Re3 c6 28. Qg5 Nc4 29. f5 Nxe3 30. Qxe3 Re5 31. bxc6 bxc6 32. Qg5 Rf6 33. Re1 d5 34. Re3 d4 35. Rh3 Kg8 36. Qh4 Kf7 37. Qh5+ Ke7 38. Qh8 Rf7 39. f6+ gxf6 40. Qc8 e3 41. Rh8 Nd7 42. Re8+ Kd6 43. Rxe5 fxe5 44. Qa6 b5 45. Qa5 e2 0-1

[Event "Ribeirao Preto Mogiano 1st"]
[Site "Ribeirao Preto"]
[Date "2010.08.08"]
[Round "8.3"]
[White "Name, Gabriel Ricardo"]
[Black "Brandao, Evandro Alves"]
[Result "1-0"]
[WhiteElo "2142"]
[BlackElo "2030"]
[PlyCount "103"]
[EventDate "2010.07.30"]
[EventType "tourn"]
[EventRounds "9"]
[EventCountry "BRA"]
[SourceTitle "EXT 2022"]
[Source "ChessBase"]
[SourceDate "2021.10.06"]
[SourceVersion "1"]
[SourceVersionDate "2021.10.06"]
[SourceQuality "1"]

1. c4 Nf6 2. Nf3 g6 3. g3 Bg7 4. Bg2 0-0 5. Nc3 d6 6. 0-0 a6 7. d4 Nbd7 8. h3 e5 9. b3 c6 10. dxe5 Nxe5 11. Nd4 Qe7 12. e4 h6 13. Re1 Rd8 14. Be3 c5 15. Nc2 b5 16. f4 Nc6 17. Nd5 Qf8 18. Rb1 Bb7 19. Qd3 b4 20. Qf1 a5 21. Nc7 Rac8 22. Nd5 Nxd5 23. cxd5 Nb8 24. Bf3 Bc3 25. Red1 f5 26. Bf2 Ba6 27. Qg2 Re8 28. Be1 Bg7 29. Kh2 c4 30. Nd4 c3 31. Rbc1 Bxd4 32. Rxd4 Qf6 33. Bf2 Nd7 34. Rdd1 fxe4 35. Bxe4 Nc5 36. Bf3 Qf5 37. Bg4 Qf7 38. Bxc8 Rxc8 39. Qf3 Qf5 40. Qg4 Qxg4 41. hxg4 Re8 42. Kg2 Nd3 43. Rc2 Nb2 44. Re1 Rxe1 45. Bxe1 Bb7 46. Kf2 Bxd5 47. Ke3 Kf7 48. Kd4 Be6 49. Bxc3 bxc3 50. Rxc3 Bxg4 51. Rc7+ Kf6 52. Ra7 1-0

[Event "Ribeirao Preto Mogiano 1st"]
[Site "Ribeirao Preto"]
[Date "2010.07.30"]
[Round "1.4"]
[White "Silva, Sergio"]
[Black "Brandao, Evandro Alves"]
[Result "1/2-1/2"]
[WhiteElo "2066"]
[BlackElo "2030"]
[PlyCount "23"]
[EventDate "2010.07.30"]
[EventType "tourn"]
[EventRounds "9"]
[EventCountry "BRA"]
[SourceTitle "EXT 2022"]
[Source "ChessBase"]
[SourceDate "2021.10.06"]
[SourceVersion "1"]
[SourceVersionDate "2021.10.06"]
[SourceQuality "1"]

1. e4 c5 2. Nf3 d6 3. d4 cxd4 4. Nxd4 Nf6 5. Nc3 g6 6. Be3 Bg7 7. f3 Nc6 8. Qd2 0-0 9. Bc4 Bd7 10. 0-0-0 Rb8 11. h4 b5 12. Ndxb5 1/2-1/2

[Event "Ribeirao Preto Canarinho 1st U2200"]
[Site "Ribeirao Preto"]
[Date "2010.05.30"]
[Round "5.16"]
[White "Carlos, Roberta Souto"]
[Black "Brandao, Evandro Alves"]
[Result "0-1"]
[WhiteElo "1670"]
[BlackElo "2046"]
[PlyCount "56"]
[EventDate "2010.05.28"]
[EventType "swiss"]
[EventRounds "6"]
[EventCountry "BRA"]
[SourceTitle "EXT 2022"]
[Source "ChessBase"]
[SourceDate "2021.10.06"]
[SourceVersion "1"]
[SourceVersionDate "2021.10.06"]
[SourceQuality "1"]

1. d4 Nf6 2. c4 e6 3. Nc3 Bb4 4. a3 Bxc3+ 5. bxc3 0-0 6. Qc2 d6 7. Bg5 c5 8. e3 b6 9. Bd3 h6 10. Bh4 Bb7 11. e4 e5 12. Ne2 Nc6 13. d5 Na5 14. f4 b5 15. Qa2 bxc4 16. Bxc4 g5 17. fxe5 Nxe4 18. Qc2 Nxc4 19. Qxe4 Nxe5 20. Bg3 f5 21. Qc2 f4 22. Bf2 Bxd5 23. Rd1 Bxg2 24. Bxc5 dxc5 25. Rxd8 Raxd8 26. Nxf4 Rxf4 27. Qxg2 Nf3+ 28. Ke2 Rd2+ 0-1

[Event "Barrinha Calil Memorial-A"]
[Site "Barrinha"]
[Date "2009.02.23"]
[Round "7"]
[White "Brandao, Evandro Alves"]
[Black "Brandao, Renan Alves"]
[Result "0-1"]
[WhiteElo "2090"]
[BlackElo "2003"]
[PlyCount "53"]
[EventDate "2009.02.20"]
[EventType "tourn"]
[EventRounds "9"]
[EventCountry "BRA"]
[SourceTitle "EXT 2011"]
[Source "ChessBase"]
[SourceDate "2010.11.26"]
[SourceVersion "1"]
[SourceVersionDate "2010.11.26"]
[SourceQuality "1"]

1. e4 c5 2. Nf3 Nc6 3. d4 cxd4 4. Nxd4 g6 5. Be3 Bg7 6. Qd2 Nf6 7. f3 0-0 8. Nc3 d5 9. Nxc6 bxc6 10. e5 Nd7 11. f4 e6 12. Bf2 Qa5 13. b4 Qxb4 14. Rb1 Qa5 15. h4 Ba6 16. Bxa6 Qxa6 17. h5 Qc4 18. Rh4 Qa6 19. hxg6 fxg6 20. Rb3 Rf7 21. Qe3 Raf8 22. Qh3 c5 23. Rxh7 Rxf4 24. Nxd5 exd5 25. Rxg7+ Kxg7 26. Qxd7+ R8f7 27. Qd6 0-1

[Event "Barrinha Calil Memorial-A"]
[Site "Barrinha"]
[Date "2009.02.20"]
[Round "1"]
[White "Brandao, Evandro Alves"]
[Black "Name, Gabriel Ricardo"]
[Result "0-1"]
[WhiteElo "2090"]
[BlackElo "2244"]
[PlyCount "76"]
[EventDate "2009.02.20"]
[EventType "tourn"]
[EventRounds "9"]
[EventCountry "BRA"]
[SourceTitle "EXT 2011"]
[Source "ChessBase"]
[SourceDate "2010.11.26"]
[SourceVersion "1"]
[SourceVersionDate "2010.11.26"]
[SourceQuality "1"]

1. e4 c6 2. d4 d5 3. exd5 cxd5 4. Bd3 Nf6 5. c3 Nc6 6. Nf3 Bg4 7. h3 Bh5 8. Qb3 Qb6 9. Qxb6 axb6 10. Nbd2 Bg6 11. Bb5 Nd7 12. 0-0 e6 13. Re1 Bd6 14. Nf1 Na7 15. Ba4 b5 16. Bb3 0-0 17. a3 Nc6 18. Ne3 b4 19. c4 Na5 20. Ba4 Nb6 21. axb4 Bxb4 22. Bd2 Bxd2 23. Nxd2 Naxc4 24. Ndxc4 Nxa4 25. Nd6 Nxb2 26. Nxb7 h5 27. Nc5 Nd3 28. Nxd3 Bxd3 29. Rad1 Ra3 30. g4 Be4 31. gxh5 Bf3 32. Rb1 Bxh5 33. Rec1 Rfa8 34. Kg2 R3a4 35. Rc7 Rxd4 36. Rbb7 Rf4 37. Ng4 Bxg4 38. hxg4 g5 0-1

[Event "Sao Bernardo LXSBC 1st"]
[Site "Sao Bernardo do Campo"]
[Date "2008.07.19"]
[Round "3"]
[White "Brandao, Evandro Alves"]
[Black "Limberg, Estacio Vermelho"]
[Result "0-1"]
[WhiteElo "2083"]
[BlackElo "2282"]
[PlyCount "80"]
[EventDate "2008.07.18"]
[EventType "swiss"]
[EventRounds "6"]
[EventCountry "BRA"]
[SourceTitle "EXT 2022"]
[Source "ChessBase"]
[SourceDate "2021.10.06"]
[SourceVersion "1"]
[SourceVersionDate "2021.10.06"]
[SourceQuality "1"]

1. e4 c5 2. Nf3 Nc6 3. g3 g6 4. Bg2 Bg7 5. 0-0 d6 6. d3 Nf6 7. Re1 0-0 8. c3 Bg4 9. h3 Bxf3 10. Bxf3 Nd7 11. Bg2 Rc8 12. a4 a6 13. Na3 Rb8 14. Be3 b5 15. axb5 axb5 16. d4 Qc7 17. Qd2 b4 18. cxb4 Nxd4 19. Bxd4 Bxd4 20. Rec1 Qb6 21. b5 e5 22. Bf1 f5 23. Bc4+ Kg7 24. Rf1 fxe4 25. Bd5 c4 26. Bxe4 Nf6 27. Bc6 d5 28. Rae1 Qc5 29. Qc2 Ne4 30. Rxe4 dxe4 31. Bxe4 Rxf2 32. Rxf2 Rf8 33. Qxc4 Rxf2 34. Qxc5 Bxc5 35. b4 Bd4 36. Kh1 Re2 37. Bd3 Re3 38. b6 Rxd3 39. b7 Ba7 40. Nc4 Rd4 0-1

[Event "Sao Bernardo LXSBC 1st"]
[Site "Sao Bernardo do Campo"]
[Date "2008.07.18"]
[Round "5"]
[White "Brandao, Evandro Alves"]
[Black "Celkevicius, Andre Vitor"]
[Result "1-0"]
[WhiteElo "2083"]
[BlackElo "1771"]
[PlyCount "77"]
[EventDate "2008.07.18"]
[EventType "swiss"]
[EventRounds "6"]
[EventCountry "BRA"]
[SourceTitle "EXT 2022"]
[Source "ChessBase"]
[SourceDate "2021.10.06"]
[SourceVersion "1"]
[SourceVersionDate "2021.10.06"]
[SourceQuality "1"]

1. e4 c5 2. Nf3 e6 3. d4 cxd4 4. Nxd4 Nf6 5. Nc3 Nc6 6. Be3 Bb4 7. Bd3 e5 8. Nde2 d5 9. exd5 Qxd5 10. 0-0 Qa5 11. a3 Be7 12. Ng3 0-0 13. Nh5 g6 14. Nxf6+ Bxf6 15. Qf3 Bg7 16. b4 Qd8 17. Bc5 Re8 18. Rad1 Qh4 19. h3 f5 20. Nb5 e4 21. Bc4+ Kh8 22. Qb3 f4 23. Nd6 f3 24. Nf7+ Kg8 25. g3 Qh5 26. h4 Bf6 27. Nd6+ Kh8 28. Nxe8 Qg4 29. Rfe1 Be5 30. Bd6 e3 31. Rxe3 Bd4 32. Rxf3 Bf5 33. c3 Qxf3 34. cxd4 Qg4 35. b5 Rxe8 36. bxc6 bxc6 37. Be5+ Rxe5 38. Qb8+ Kg7 39. Qxe5+ 1-0

[Event "Paulista-ch final"]
[Site "Santos"]
[Date "2008.06.28"]
[Round "7"]
[White "Brandao, Evandro Alves"]
[Black "Conti, Bruno Henrique"]
[Result "1-0"]
[WhiteElo "2052"]
[BlackElo "1979"]
[PlyCount "125"]
[EventDate "2008.06.26"]
[EventType "swiss"]
[EventRounds "7"]
[EventCountry "BRA"]
[SourceTitle "CBM 125 Extra"]
[Source "ChessBase"]
[SourceDate "2008.09.01"]
[SourceVersion "1"]
[SourceVersionDate "2008.09.01"]
[SourceQuality "1"]

1. e4 e6 2. d4 d5 3. Nd2 Nf6 4. e5 Nfd7 5. c3 c5 6. Bd3 Nc6 7. Ngf3 cxd4 8. cxd4 Qb6 9. 0-0 Be7 10. Qe2 Nxd4 11. Nxd4 Qxd4 12. Nf3 Qg4 13. h3 Qh5 14. Bd2 0-0 15. Rac1 Re8 16. Rfe1 f5 17. exf6 Bxf6 18. Bb5 Qf7 19. Bc3 a6 20. Bxd7 Bxd7 21. Ne5 Bxe5 22. Qxe5 Bc6 23. Re3 Qf6 24. Qd6 Qe7 25. Qf4 Qf7 26. Qg4 Qg6 27. Qe2 Qf5 28. Re1 Bb5 29. Qd2 Re7 30. Rf3 Qh5 31. Re5 Qe8 32. Rg3 g6 33. Qd4 Rc8 34. Rxd5 exd5 35. Qh8+ Kf7 36. Qf6+ Kg8 37. Re3 Rxc3 38. Rxe7 Rc1+ 39. Kh2 Qb8+ 40. g3 Qf8 41. Qe6+ Kh8 42. Qe5+ Kg8 43. Qxd5+ Kh8 44. Qe5+ Kg8 45. Qe6+ Kh8 46. Rf7 Qh6 47. Qf6+ Kg8 48. Rxb7 Qf8 49. Qe6+ Kh8 50. Qe5+ Kg8 51. Rb8 Rc8 52. Qe6+ Kg7 53. Rb7+ Kh8 54. Rf7 Qxf7 55. Qxf7 Re8 56. g4 h5 57. Qxg6 hxg4 58. hxg4 Re2 59. Kg3 Re1 60. g5 Be8 61. Qh6+ Kg8 62. f4 Re3+ 63. Kf2 1-0

[Event "Paulista-ch final"]
[Site "Santos"]
[Date "2008.06.28"]
[Round "4"]
[White "Brandao, Evandro Alves"]
[Black "Sega, Carlos Alberto"]
[Result "0-1"]
[WhiteElo "2052"]
[BlackElo "2235"]
[PlyCount "76"]
[EventDate "2008.06.26"]
[EventType "swiss"]
[EventRounds "7"]
[EventCountry "BRA"]
[SourceTitle "CBM 125 Extra"]
[Source "ChessBase"]
[SourceDate "2008.09.01"]
[SourceVersion "1"]
[SourceVersionDate "2008.09.01"]
[SourceQuality "1"]

1. e4 e5 2. Bc4 Nf6 3. d4 exd4 4. Nf3 Nc6 5. 0-0 Nxe4 6. Re1 d5 7. Bxd5 Qxd5 8. Nc3 Qh5 9. Nxe4 Be6 10. Bg5 Bd6 11. Nxd6+ cxd6 12. Bf4 Qc5 13. b4 Qxb4 14. Rb1 Qc5 15. Ng5 0-0 16. Ne4 Qf5 17. Bxd6 Bxa2 18. Rxb7 Rfe8 19. f3 Bd5 20. Rb5 Qe6 21. Bc5 f5 22. Bxd4 fxe4 23. Bxg7 Kxg7 24. Rxd5 Rad8 25. Qa1+ Kg6 26. Rxd8 Nxd8 27. fxe4 Nc6 28. Re3 Qe5 29. Rg3+ Kf6 30. Qc1 Ke7 31. Qa3+ Kd7 32. h3 Kc7 33. Qb3 Qd4+ 34. Kh2 Rxe4 35. c3 Qd6 36. c4 h5 37. Kg1 Re1+ 38. Kh2 h4 0-1

[Event "Sao Sebastiao do Paraiso op"]
[Site "Sao Sebastiao do Paraiso"]
[Date "2008.03.08"]
[Round "4.11"]
[White "Brandao, Evandro Alves"]
[Black "Pires, Marcos Vinicius Tor"]
[Result "0-1"]
[WhiteElo "2029"]
[BlackElo "2126"]
[PlyCount "64"]
[EventDate "2008.03.07"]
[EventType "swiss"]
[EventRounds "6"]
[EventCountry "BRA"]
[SourceTitle "EXT 2022"]
[Source "ChessBase"]
[SourceDate "2021.10.06"]
[SourceVersion "1"]
[SourceVersionDate "2021.10.06"]
[SourceQuality "1"]

1. e4 e6 2. d4 d5 3. Nd2 Nc6 4. Ngf3 Nf6 5. e5 Nd7 6. c3 f6 7. exf6 Qxf6 8. Nb3 Bd6 9. Bd3 0-0 10. Bg5 Qf7 11. Qc2 Qh5 12. Nbd2 e5 13. g4 Qh3 14. 0-0-0 e4 15. Bf1 Qxg4 16. Rg1 Qh5 17. Be3 Nf6 18. Rg5 Qf7 19. Ne5 Bxe5 20. dxe5 Ng4 21. Bc5 Re8 22. e6 Bxe6 23. Bb5 h6 24. h3 hxg5 25. hxg4 a6 26. Be2 Ne5 27. Rh1 Bxg4 28. Bxg4 Nxg4 29. Kb1 b6 30. f3 bxc5 31. fxg4 Qf4 32. Nf1 Qf6 0-1